Mark stamp's information security (Record no. 182621)

000 -LEADER
fixed length control field 00364nam a2200133Ia 4500
008 - FIXED-LENGTH DATA ELEMENTS--GENERAL INFORMATION
fixed length control field 220217s9999||||xx |||||||||||||| ||und||
020 ## - INTERNATIONAL STANDARD BOOK NUMBER
International Standard Book Number 9788126519873
082 ## - DEWEY DECIMAL CLASSIFICATION NUMBER
Classification number 004.65 SHA
100 ## - MAIN ENTRY--PERSONAL NAME
Personal name Shah, Deven, N
245 #0 - TITLE STATEMENT
Title Mark stamp's information security
260 ## - PUBLICATION, DISTRIBUTION, ETC.
Place of publication, distribution, etc. Wiley india
Name of publisher, distributor, etc. New Delhi
Date of publication, distribution, etc. 2010
300 ## - PHYSICAL DESCRIPTION
Extent XX, 445p.
Other physical details 369
650 ## - SUBJECT ADDED ENTRY--TOPICAL TERM
Topical term or geographic name entry element COMPUTER NETWORK
Holdings
Withdrawn status Lost status Damaged status Not for loan Collection code Home library Current library Shelving location Date acquired Full call number Barcode Date last seen Price effective from Koha item type
        Humanity Science Central Library Central Library Reference 02/18/2022 004.65 SHA 17810 02/18/2022 02/18/2022 Books

Powered by Koha